000 00515nam a22001577a 4500
005 20251108164018.0
008 250721s1996 xx 000 0 ara d
082 1 4 _a137/فدا
100 1 _aعارف، أبو الفداء محمد عزت محمد
245 1 0 _aلغة العيون :
_bكيف تكشف حقيقة من تعامله بقراءة لغة عينيه /
264 1 _aالقاهرة :
_bدار الفضيلة،
_c1996.
300 _a64ص
650 1 7 _aالشخصية
942 _2ddc
_cBK
999 _c1372
_d1372